Skoki Narciarskie - Medaliści Mistrzostw Świata z Norwegii - Statystyki

Ogólne statystyki
  • Ten quiz został rozwiązany 37 razy
  • Średni wynik to 14 z 19
Statystyki odpowiedzi
Z S B Odpowiedź % Poprawnych
1x 3x 1x Johann Andre Forfang
91%
- 2x 1x Robert Johansson
91%
- 3x - Halvor Egner Granerud
88%
2x 5x - Anders Bardal
84%
2x 1x 1x Marius Lindvik
84%
1x 4x 2x Anders Jacobsen
81%
1x 2x Bjorn Einar Romoren
81%
1x 1x - Anders Fannemel
78%
- 1x - Daniel-Andre Tande
75%
- 2x 2x Roar Ljokelsoy
75%
- 4x - Tom Hilde
72%
- 1x 1x Kristoffer Eriksen Sundal
69%
- 1x 1x Andreas Stjernen
66%
2x 1x 1x Rune Velta
66%
- - 2x Sigurd Pettersen
63%
- 2x - Johan Remen Evensen
56%
- - 2x Lars Bystol
50%
- 1x 1x Tommy Ingebrigtsen
50%
- - 1x Robin Pedersen
41%
Nie znaleziono quizów pasujących do podanych kryteriów
Rozkład punktacji
Procent ludzi z każdym wynikiem
Percentyl według liczby udzielonych odpowiedzi
Twoja historia wyników
Nie rozwiązałeś tego quizu